Polska geografia - prawda czy fałsz? #2 - Statystyki

Ogólne statystyki
  • Ten quiz został rozwiązany 8 066 razy
    7 837 od ostatniego zresetowania
  • Średni wynik to 9 z 15
Statystyki odpowiedzi
Zagadnienie Odpowiedź % Poprawnych
Większość energii w Polsce pochodzi z węgla Prawda
84%
W Polsce każde województwo ma jedną stolice Fałsz
82%
Polska jest największym producentem jabłek w Unii Europejskiej Prawda
80%
Większość Kaszubów mieszka w województwie zachodniopomorskim Fałsz
67%
5 państw z którymi graniczy Polska Należy do UE i NATO Fałsz
67%
Największym Łańcuchem górskim w Polsce są Karpaty Prawda
65%
Powierzchnia Polski jest większa od powierzchni Włoch Prawda
63%
Polska posiada mniej niż 20 parków narodowych Fałsz
57%
Bóbr to nazwa jednej z 10 największych rzek w Polsce Prawda
55%
Jezioro Dąbie znajduje się w województwie zachodniopomorskim Prawda
52%
W Polsce znajduje się ponad 400 powiatów Fałsz
45%
Niechorze to miasto Fałsz
43%
Świnoujście to jedno z 10 największych powierzchniowo miast w Polsce Prawda
41%
Płock był kiedyś stolicą Polski Prawda
36%
Województwo opolskie posiada najmniej ludną stolicę z województw Fałsz
25%
Nie znaleziono quizów pasujących do podanych kryteriów
Rozkład punktacji
Procent ludzi z każdym wynikiem
Percentyl według liczby udzielonych odpowiedzi
Twoja historia wyników
Nie rozwiązałeś tego quizu od ostatniego zresetowania